[Event "Czech Open A"]
[Site "Pardubice CZE"]
[Date "2006.07.28"]
[Round "8"]
[White "Kraemer,Mart"]
[Black "Hasanova,E"]
[Result "1-0"]
[WhiteElo "2434"]
[BlackElo "2340"]

1.e4 c5 2.Nf3 d6 3.Bb5+ Nd7 4.d4 cxd4 5.Qxd4 a6 6.Bxd7+ Bxd7 7.O-O Nf6 8.c4 b5
9.Nc3 g6 10.cxb5 Bxb5 11.Rd1 Bg7 12.Qb4 Qb8 13.Bg5 Bd7 14.Qa3 Ra7 15.Rd2 Bb5
16.Re1 O-O 17.Be3 Rc7 18.Bd4 Rd7 19.Red1 Rc8 20.Bxf6 Bxf6 21.e5 Bg7 22.Nxb5 Qxb5
23.Qe3 Qc4 24.b3 Qe6 25.Rd5 h6 26.Qd3 Rc6 27.h3 Bf8 28.Qe4 Qf5 29.Qxf5 gxf5
30.exd6 e6 31.Ne5 Rdxd6 32.Nxc6 Rxd5 33.Rxd5 exd5 34.Nb8 a5 35.Nc6 Bb4 36.a4 Bd2
37.Ne7+ Kf8 38.Nxd5 Ke8 39.Kf1 Kd7 40.Ke2 Bg5 41.Kd3 Bh4 42.f3 Ke6 43.Kc4 Ke5
44.b4 axb4 45.Nxb4 Kf4 46.a5  1-0

[Event "Politiken Cup"]
[Site "Copenhagen DEN"]
[Date "2006.07.29"]
[Round "8"]
[White "Dawson,J"]
[Black "Brondum,E"]
[Result "1-0"]
[WhiteElo "2009"]
[BlackElo "2202"]

1.e4 c5 2.Nf3 d6 3.Bb5+ Nd7 4.O-O a6 5.Bxd7+ Bxd7 6.d4 cxd4 7.Qxd4 e5 8.Qd1 h6
9.Be3 Nf6 10.Nfd2 Rc8 11.f3 d5 12.exd5 Nxd5 13.Bf2 Qc7 14.Nb3 Be6 15.c3 Be7
16.Re1 O-O 17.N1d2 Rcd8 18.g3 a5 19.a4 f5 20.Qe2 Bd6 21.Qb5 Ra8 22.Nc5 Bf7
23.Nd3 Rae8 24.Re2 e4 25.fxe4 f4 26.Rae1 f3 27.Nxf3 Nxc3 28.bxc3 Bc4 29.Qh5 Bf7
30.Qh3 Bc4 31.Re3 Qc6 32.Nd4 Qxa4 33.Nf5 Bb8 34.Qg4 g5 35.Nxh6+ Kh7 36.Nf5  1-0

[Event "Sunny Pawn Open"]
[Site "Illichevsk UKR"]
[Date "2006.07.29"]
[Round "9"]
[White "Nazarevich,V"]
[Black "Andrenko,I"]
[Result "1-0"]
[WhiteElo "2303"]
[BlackElo "1988"]

1.e4 c5 2.Nf3 d6 3.Bb5+ Nc6 4.d4 cxd4 5.Qxd4 Bd7 6.Bxc6 Bxc6 7.Nc3 Nf6 8.Bg5 e6
9.O-O-O Be7 10.Rhe1 Qa5 11.Qd2 O-O 12.Nd4 h6 13.Bh4 Rac8 14.Kb1 Kh8 15.Re3 b5
16.Ncxb5 Qb6 17.Nxc6 Rxc6 18.Rb3 Nxe4 19.Qf4 Qc5 20.Qxe4 f5 21.Qd3 Bxh4 22.Nd4 Rfc8
23.Nxc6 Rxc6 24.Rc3 Qb6 25.Rxc6 Qxc6 26.Qxd6 Qxg2 27.Qxe6 Qg4 28.Rf1 Qg2
29.Qc8+ Kh7 30.Qxf5+ g6 31.Qf7+  1-0

[Event "Czech Open B1"]
[Site "Pardubice CZE"]
[Date "2006.07.29"]
[Round "9"]
[White "Lavendelis,E"]
[Black "Pfitzenreuter,G"]
[Result "1/2-1/2"]
[WhiteElo "2225"]
[BlackElo "2134"]

1.e4 c5 2.Nf3 d6 3.Bb5+ Nc6 4.c3 Nf6 5.Qe2 Bg4 6.d3 Bxf3 7.Qxf3 Qb6 8.Na3 a6
9.Ba4 e6 10.O-O Qc7 11.e5 Nd5 12.exd6 Bxd6 13.Bxc6+ Qxc6 14.Nc4 Bc7 15.Ne3 O-O
16.Nxd5 Qxd5 17.Qxd5 exd5 18.d4 c4 19.Re1 Rfe8 20.Bd2 f6 21.Kf1 Kf7 22.b4 Rxe1+
23.Kxe1 Re8+ 24.Kf1 b6 25.a4 Bd6 26.Re1  1/2-1/2

[Event "15th Open A"]
[Site "Vienna AUT"]
[Date "2006.07.29"]
[Round "1"]
[White "Schirmbeck,H"]
[Black "Shengelia,D"]
[Result "0-1"]
[WhiteElo "2128"]
[BlackElo "2490"]

1.e4 c5 2.Nf3 d6 3.Bb5+ Nd7 4.O-O a6 5.Bxd7+ Bxd7 6.d4 cxd4 7.Qxd4 Nf6 8.Bg5 e6
9.c4 h6 10.Be3 e5 11.Qd3 b5 12.Nc3 bxc4 13.Qxc4 Be7 14.Rfd1 O-O 15.Rac1 Qb8
16.b3 Bg4 17.Rc2 Rc8 18.Qd3 Rc7 19.Rdc1 Bxf3 20.gxf3 Qc8 21.Bb6 Rb7 22.Nd5 Qh3
23.Rc7 Rxb6 24.Nxe7+ Kh7 25.R1c3 Nh5 26.Nd5 Rbb8 27.Qf1 Qh4 28.Qg2 Nf4 29.Nxf4 Qxf4
30.Qg4 Qf6 31.Kg2 g6 32.Rd7 h5 33.Qh3 Rd8 34.Rcc7 Rxd7 35.Qxd7 Kg7 36.Qc6 Rd8
37.Qd5 Qg5+ 38.Kf1 Qf4 39.Kg2 g5 40.Qd3 a5 41.Ra7 Rh8 42.Qe3 Qf6 43.Rxa5 g4
44.Rd5 Rh6 45.fxg4 hxg4 46.Rd3 Kf8 47.a4 Qh4 48.a5 Qxh2+ 49.Kf1 Rh3 50.Qd2 Qh1+
51.Ke2 Qxe4+ 52.Re3 Qg6 53.a6 d5 54.Qa2 Rxe3+ 55.fxe3 Qh5 56.Qa3+ Kg7 57.a7 g3+
58.Kd2 g2 59.a8=Q g1=Q 60.Q8f8+ Kh7 61.Qac5 Qhd1+ 62.Kc3 Qge1+  0-1

[Event "Sunny Pawn Open"]
[Site "Illichevsk UKR"]
[Date "2006.07.30"]
[Round "10"]
[White "Bugaev,V"]
[Black "Shkliar,B"]
[Result "0-1"]
[WhiteElo "1891"]
[BlackElo "2188"]

1.e4 c5 2.Nf3 d6 3.Bb5+ Bd7 4.Bxd7+ Qxd7 5.O-O Nc6 6.c3 Nf6 7.Re1 g6 8.d4 Bg7
9.h3 Rd8 10.Bg5 O-O 11.Nbd2 e5 12.d5 Ne7 13.b4 cxb4 14.cxb4 Nh5 15.Be3 f5
16.Ng5 f4 17.Bxa7 Ra8 18.Bb6 Nc8 19.Ne6 Nxb6 20.Nxf8 Rxf8 21.Qg4 Qf7 22.a4 Nf6
23.Qd1 g5 24.a5 Nc8 25.b5 h5 26.a6 b6 27.Nc4 Qd7 28.Qb3 f3 29.a7 Nxa7 30.Nxd6 Qxd6
31.Rxa7 fxg2 32.Qg3 Qb4 33.f3 h4 34.Qf2 Nh5 35.Rea1 Nf4 36.Kh2 Qb3 37.Ra8 Rxa8
38.Rxa8+ Kh7 39.Ra7 Qd1 40.Qg1 Qxf3 41.Qe1 g1=Q+  0-1

[Event "MTO Open"]
[Site "Biel SUI"]
[Date "2006.08.01"]
[Round "8"]
[White "Ulibin,M"]
[Black "Roiz,M"]
[Result "1/2-1/2"]
[WhiteElo "2489"]
[BlackElo "2611"]

1.e4 c5 2.Nf3 d6 3.Bb5+ Nc6 4.Bxc6+ bxc6 5.O-O e5 6.c3 Bg4 7.h3 Bxf3 8.Qxf3 Nf6
9.d3 Be7 10.Qe2 O-O 11.f4 exf4 12.Bxf4 d5 13.Nd2 a5 14.Rae1 Ra7 15.e5 Ne8
16.e6 f6 17.Qf2 a4 18.Be3 Rb7 19.b3 Qa5 20.c4 a3 21.cxd5 cxd5 22.Qf3 Nc7
23.Bf4 Ra7 24.Bxc7 Rxc7 25.Re2 Rd8 26.Kh1 Qa6 27.Rfe1 Rb7 28.Nf1 g6 29.Ne3 Qd6
30.Ng4 Kg7 31.Qe3 Rf8 32.Nh6 Rb4 33.Nf7 Qf4 34.Qg1 Rd4 35.Re3  1/2-1/2

[Event "VIII Open"]
[Site "Sants ESP"]
[Date "2006.08.01"]
[Round "8"]
[White "Cicak,S"]
[Black "Alsina Leal,D"]
[Result "1-0"]
[WhiteElo "2532"]
[BlackElo "2428"]

1.e4 c5 2.Nf3 d6 3.Bb5+ Bd7 4.a4 Nf6 5.Nc3 e6 6.d4 cxd4 7.Nxd4 Be7 8.O-O O-O
9.Nb3 Nc6 10.Be3 a6 11.Bd3 Na5 12.Nxa5 Qxa5 13.Qd2 Kh8 14.f3 Rac8 15.Rfb1 Qc7
16.Qf2 Bc6 17.Bd4 e5 18.Bb6 Qd7 19.b4 Qe6 20.b5 axb5 21.axb5 Bd7 22.Rb3 d5
23.Nxd5 Nxd5 24.exd5 Qxd5 25.c4 Qd6 26.Be2 Be6 27.Rd1 Qxb6 28.Qxb6 Bc5+ 29.Qxc5 Rxc5
30.Ra3 g6 31.Ra7 Rb8 32.Rc1 b6 33.Kf2 Kg7 34.Ke3 Rbc8 35.Ra4 Rd8 36.g3 h5
37.Bd3 Rd4 38.f4 Rd6 39.Be4 exf4+ 40.gxf4 Kf6 41.Bd3 Bf5 42.Be2 Bg4 43.Bf1 Bd7
44.Raa1 Bg4 45.h3 Be6 46.h4 Bg4 47.Rc2 Be6 48.Rac1 Bd7 49.Bg2 Be6 50.Bf1 Bd7
51.Rb2 Re6+ 52.Kd4 Rd6+ 53.Ke3 Re6+ 54.Kf3 Rd6 55.Rcc2 Bg4+ 56.Ke3 Re6+ 57.Kd4 Bf5
58.Rf2 Re4+ 59.Kc3 Be6 60.Bd3 Re1 61.Ra2 Re3 62.Ra4 Rc7 63.Kd4 Rh3 64.Be4 Rxh4
65.Bc6 Bd7 66.Ra6 Bxc6 67.Rxb6 g5 68.Rxc6+ Rxc6 69.bxc6 Ke7 70.Kc5 Rxf4 71.Rd2 Rf5+
72.Rd5 Rxd5+ 73.cxd5 h4 74.d6+ Kd8 75.Kb6 h3 76.Kb7 h2 77.c7+ Kd7 78.c8=Q+ Kxd6
79.Qb8+ Kd5 80.Qxh2 Ke4 81.Qe2+ Kf5 82.Qf3+ Kg6 83.Kc6  1-0

[Event "Proclient Cup"]
[Site "Olomouc CZE"]
[Date "2006.08.02"]
[Round "1"]
[White "Skytte,R"]
[Black "Malinovsky,K"]
[Result "1-0"]
[WhiteElo "2408"]
[BlackElo "2346"]

1.e4 c5 2.Nf3 d6 3.Bb5+ Nc6 4.O-O Bd7 5.Re1 Nf6 6.h3 a6 7.Bf1 g6 8.c3 Bg7
9.d4 e5 10.Nbd2 O-O 11.dxc5 dxc5 12.Nc4 Qe7 13.Qd6 Qxd6 14.Nxd6 Ra7 15.Nc4 Re8
16.Nb6 h6 17.Be3 Bf8 18.Nd2 Be6 19.f3 Rd8 20.Nb3 Bxb3 21.axb3 Nd7 22.Nxd7 Rxd7
23.b4 b6 24.Bxa6 cxb4 25.Bxb6 Ra8 26.Be3 Rc7 27.Bb6 Rd7 28.Bc4 Rb8 29.Be3 Rc7
30.Bd5 bxc3 31.bxc3 Ne7 32.c4 Nxd5 33.cxd5 Bc5 34.Bxc5 Rxc5 35.Reb1 Rxb1+
36.Rxb1 Kf8 37.Kf2 Rc2+ 38.Ke3 Rxg2 39.d6 Ke8 40.Rb7 Rg1 41.Re7+ Kf8 42.Ke2 Ra1
43.Rxe5 f6 44.Re6 Kf7 45.Re7+ Kf8 46.Rb7 Kg8 47.Rc7 Ra2+ 48.Ke3 Ra3+ 49.Kd4 Ra1
50.Kd5 Ra5+ 51.Ke6 Ra6 52.Ke7  1-0

[Event "Valoz Cup"]
[Site "Olomouc CZE"]
[Date "2006.08.02"]
[Round "1"]
[White "Kraemer,Mart"]
[Black "Shanava,K"]
[Result "1/2-1/2"]
[WhiteElo "2434"]
[BlackElo "2490"]

1.e4 c5 2.Nf3 d6 3.Bb5+ Nc6 4.O-O Bg4 5.h3 Bxf3 6.Bxc6+ bxc6 7.Qxf3 e5 8.b3 Be7
9.Bb2 Nf6 10.Na3 O-O 11.Nc4 Ne8 12.Qg4 Qc8 13.Qxc8 Rxc8 14.f4 f6 15.fxe5 fxe5
16.Rxf8+ Bxf8 17.d3  1/2-1/2

[Event "Agentura 64 Cup"]
[Site "Olomouc CZE"]
[Date "2006.08.02"]
[Round "1"]
[White "Hagesaether,T"]
[Black "Houska,Ji"]
[Result "0-1"]
[WhiteElo "2013"]
[BlackElo "2140"]

1.e4 c5 2.Nf3 d6 3.Bb5+ Bd7 4.Bxd7+ Qxd7 5.O-O Nc6 6.c3 Nf6 7.d4 Nxe4 8.d5 Nd8
9.Re1 f5 10.Nbd2 Nxd2 11.Bxd2 Nf7 12.c4 Rg8 13.Re6 O-O-O 14.b4 g5 15.bxc5 dxc5
16.Rb1 g4 17.Ne1 Rg6 18.Qb3 Qc7 19.Nd3 Rxe6 20.dxe6 Nd6 21.Bf4 Bg7 22.Bg3 Qb6
23.Qc2 Qc6 24.Nf4 Qe4 25.Qxe4 Nxe4 26.Nd5 Bf6 27.Bf4 Nc3 28.Nxc3 Bxc3 29.Bg5 Bf6
30.Bf4 Rd4 31.g3 Re4 32.Rd1 Bd4 33.Kg2 Rxe6 34.h3 Re2 35.hxg4 fxg4 36.a4 Rxf2+
37.Kh1 Ra2 38.Re1 Ra1 39.Rxa1 Bxa1 40.Kg1 Kd7 41.Kf2 Ke6 42.Ke3 Be5 43.Ke4 Bxf4
44.Kxf4 h5 45.Kg5 Ke5 46.Kxh5 Kf5 47.Kh6 e5  0-1

[Event "FSIMB August"]
[Site "Budapest HUN"]
[Date "2006.08.05"]
[Round "1"]
[White "Radnai,A"]
[Black "Pirisi,G"]
[Result "0-1"]
[WhiteElo "2246"]
[BlackElo "2271"]

1.e4 c5 2.Nf3 d6 3.Bb5+ Nc6 4.Bxc6+ bxc6 5.O-O e5 6.c3 Ba6 7.d3 Nf6 8.Re1 Be7
9.d4 cxd4 10.cxd4 Qc7 11.b3 O-O 12.Bb2 d5 13.Nbd2 exd4 14.Nxd4 dxe4 15.Nxe4 Nxe4
16.Rxe4 Bf6 17.Rc1 Rad8 18.Qc2 Qd7 19.Rd1 c5 20.Qxc5 Bb7 21.Ree1 Rfe8 22.Rxe8+ Qxe8
23.Qc3 Bxd4 24.Rxd4 Rxd4 25.f3 f6  0-1

[Event "Liepajas Rokade"]
[Site "Liepaja LAT"]
[Date "2006.08.05"]
[Round "7"]
[White "Antoms,G"]
[Black "Kulaots,K"]
[Result "0-1"]
[WhiteElo "2414"]
[BlackElo "2550"]

1.e4 c5 2.Nf3 d6 3.Bb5+ Bd7 4.Bxd7+ Qxd7 5.O-O Nf6 6.e5 dxe5 7.Nxe5 Qc7 8.d4 cxd4
9.Qxd4 Nc6 10.Nxc6 Qxc6 11.c4 e6 12.Nc3 Be7 13.Bg5 O-O 14.Rac1 h6 15.Bxf6 Bxf6
16.Qg4 Rfd8 17.Rfd1 Qb6 18.b3 Rxd1+ 19.Qxd1 Rd8 20.Qe2 Bxc3 21.Rxc3 Qa5 22.Rc1 Qd2
23.Qxd2 Rxd2 24.b4 Rxa2 25.b5 Kf8 26.g3 Ra5 27.Kg2 Ke7 28.Rd1 Ra4 29.Rd4 a6
30.bxa6 bxa6 31.h4 a5 32.h5 Rb4 33.Rg4 Kf8 34.Rd4 a4 35.Rd7 Rxc4 36.Ra7 e5
37.Kf3 f5 38.Ke3 f4+ 39.Kf3 fxg3 40.Kxg3 Rf4 41.f3 Rf5 42.Kg4 Rf4+ 43.Kg3 Rb4
44.Kh3 e4 45.fxe4 Rxe4 46.Kg3 Re3+ 47.Kf4 Ra3 48.Kf5 Kg8 49.Ra8+ Kh7 50.Kg4 Ra1
51.Kg3 a3 52.Kg2 g5 53.hxg6+ Kxg6 54.Ra5 Kf6 55.Kh2 Ke6 56.Kg2 Kd6 57.Kh2 Kc6
58.Kg2 Kb6 59.Ra8 Kb5 60.Rb8+ Kc4 61.Rc8+ Kb3 62.Rb8+ Ka2 63.Ra8 Rb1 64.Kh2 Rb3  0-1

[Event "Empresa B"]
[Site "Montreal CAN"]
[Date "2006.08.08"]
[Round "1"]
[White "Barbeau,S"]
[Black "Huzman,A"]
[Result "1/2-1/2"]
[WhiteElo "2398"]
[BlackElo "2585"]

1.e4 c5 2.Nf3 d6 3.Bb5+ Nc6 4.O-O Bd7 5.Re1 Nf6 6.h3 e6 7.c3 Be7 8.d4 cxd4
9.cxd4 d5 10.e5 Ne4 11.Bd3 Nb4 12.Bxe4 dxe4 13.Rxe4 Bc6 14.Rg4 g6 15.Nc3 h5
16.Rg3 Nd5 17.Bg5 Nxc3  1/2-1/2

[Event "San Agustin Open"]
[Site "Aviles ESP"]
[Date "2006.08.09"]
[Round "5"]
[White "Rutkowski,M"]
[Black "Topel,Z"]
[Result "1-0"]
[WhiteElo "2295"]
[BlackElo "2252"]

1.e4 c5 2.Nf3 d6 3.Bb5+ Nc6 4.O-O e5 5.c3 Nf6 6.d4 cxd4 7.cxd4 exd4 8.Nxd4 Bd7
9.Nc3 Be7 10.Bf4 O-O 11.h3 a6 12.Ba4 b5 13.Nxc6 Bxc6 14.Bc2 b4 15.Nd5 Nxd5
16.exd5 Bb5 17.Bd3 Bxd3 18.Qxd3 Bf6 19.Qg3 Bxb2 20.Rab1 Bc3 21.Bxd6 Re8 22.a3 a5
23.Rfd1 bxa3 24.Bxa3 Be5 25.Qg4 Ra6 26.Rb7 Qf6 27.Be7 Qg6 28.Qxg6 hxg6 29.d6 Kh7
30.d7 Rxe7 31.d8=Q Rxb7 32.Qh4+  1-0

[Event "107th Annual US Open"]
[Site "Chicago USA"]
[Date "2006.08.09"]
[Round "5"]
[White "Luchan,J"]
[Black "Pasalic,M"]
[Result "0-1"]
[WhiteElo "2127"]
[BlackElo "2413"]

1.e4 c5 2.Nf3 d6 3.Bb5+ Bd7 4.Bxd7+ Qxd7 5.O-O Nc6 6.c3 Nf6 7.Qe2 e6 8.d4 cxd4
9.cxd4 d5 10.e5 Ng8 11.Nc3 Nge7 12.Be3 Nc8 13.Rac1 Bb4 14.a3 Bxc3 15.Rxc3 Nb6
16.Nd2 O-O 17.f4 Rfc8 18.g4 Ne7 19.Rfc1 Na4 20.Rxc8+ Rxc8 21.Rxc8+ Nxc8 22.b3 Nab6
23.Nb1 Ne7 24.Qd3 f5 25.g5 Qe8 26.Qe2 Ng6 27.Kf2 h6 28.Qh5 Kh7 29.Qe2 Nc8
30.Nd2 hxg5 31.Qh5+ Kg8 32.Qxg5 Nce7 33.Qh5 Qc6 34.Qd1 Qc3 35.Nb1 Qb2+ 36.Kg3 Nh4
37.Qd2 Qxb1 38.Kxh4 Qxb3 39.Qc1 Qc4 40.Qd2 b6 41.Kg3 Qb3 42.Qc1 Qc4 43.Qd2 Nc6
44.Kf2 Na5 45.Qb4 Qxb4 46.axb4 Nc4 47.Bc1 a5 48.bxa5 bxa5  0-1

[Event "Proclient Cup"]
[Site "Olomouc CZE"]
[Date "2006.08.09"]
[Round "10"]
[White "Ramiro Ovejero,J"]
[Black "Sluka,R"]
[Result "1/2-1/2"]
[WhiteElo "2323"]
[BlackElo "2331"]

1.e4 c5 2.Nf3 d6 3.Bb5+ Bd7 4.Bxd7+ Qxd7 5.O-O g6 6.c3 Bg7 7.d4 Nf6 8.Qe2 O-O
9.dxc5 dxc5 10.e5 Ne8 11.Rd1 Qe6 12.Bf4 Nc7 13.Nbd2 h6 14.a4 Nc6 15.Nc4 b6
16.Rd2 Rad8 17.Rad1 Rxd2 18.Rxd2 Rd8 19.Rxd8+ Nxd8 20.Qd3 Nc6 21.h3 Qd5 22.Qxd5 Nxd5
23.Bg3 a6 24.Kf1 Kf8 25.Ke2 Ke8 26.e6 fxe6 27.Nfe5 Nxe5 28.Nxe5 g5 29.Kd3 b5
30.axb5 axb5 31.b3 Nb6 32.f3 Nc8 33.c4 b4 34.Bh2 h5 35.g4 hxg4 36.fxg4 Bxe5
37.Bxe5 Kf7 38.Bg3 Nb6 39.Bf2 Nd7 40.Be3 Kf6 41.Ke4 Kg6 42.Bf2 Kf7 43.Be3 Kg6
44.Bf2 Kf7 45.Be3  1/2-1/2

[Event "HZ Open"]
[Site "Vlissingen NED"]
[Date "2006.08.09"]
[Round "6"]
[White "Schlawin,M"]
[Black "Smeets,J"]
[Result "0-1"]
[WhiteElo "2349"]
[BlackElo "2532"]

1.e4 c5 2.Nf3 d6 3.Bb5+ Nd7 4.d4 Nf6 5.O-O a6 6.Bxd7+ Nxd7 7.Nc3 e6 8.Bg5 Qc7
9.d5 e5 10.a4 b6 11.Nd2 h6 12.Bh4 g6 13.Nc4 Bg7 14.Qd2 Rb8 15.h3 b5 16.axb5 axb5
17.Na5 b4 18.Ne2 Ra8 19.Nc6 Bb7 20.c3 Bf6 21.Bxf6 Nxf6 22.cxb4 Nxe4 23.Qd3 Nf6
24.bxc5 dxc5 25.Qb5 O-O 26.Nc3 Kg7 27.Qxc5 Nxd5 28.Qxd5 Bxc6 29.Qc5 Rfc8
30.Nb5 Bxb5 31.Qxb5 Rab8 32.Qe2 Qc5 33.Rfe1 Rb5 34.Kh2 Qb4 35.Rab1 h5 36.Kg1 h4
37.Qd3 Rc4 38.Qd7 Rc2 39.b3 Qc5 40.Rf1 Rb4 41.Qd1 e4 42.Qe1 Qc3 43.Qxc3+ Rxc3
44.Rfe1 f5 45.Re3 Rc2 46.f3 Rd4 47.fxe4 f4 48.Rf3 Rdd2 49.Rxf4 Rxg2+ 50.Kh1 Rh2+
51.Kg1 Rcg2+ 52.Kf1 g5 53.Rg4 Rxg4  0-1

[Event "HZ Open"]
[Site "Vlissingen NED"]
[Date "2006.08.09"]
[Round "6"]
[White "Vedder,R"]
[Black "Spoelman,W"]
[Result "1/2-1/2"]
[WhiteElo "2229"]
[BlackElo "2461"]

1.e4 c5 2.Nf3 d6 3.Bb5+ Nd7 4.d4 Nf6 5.Nc3 a6 6.Bxd7+ Nxd7 7.Bg5 h6 8.Be3 e6
9.Qd2 Be7 10.O-O-O cxd4 11.Bxd4 O-O 12.h4 b5 13.Rh3 e5 14.Be3 Nf6 15.Bxh6 Bxh3
16.gxh3 Nh5 17.Rg1 Bxh4 18.Rg4 Bf6 19.Nd5 Re8 20.Bxg7 Nxg7 21.Qh6 Re6 22.Nh4 Bg5+
23.Qxg5 Qxg5+ 24.Rxg5 Ra7 25.Nf5 f6 26.Rg3 Kh7 27.Rc3 Kg6 28.Rg3+ Kh7  1/2-1/2

[Event "Open"]
[Site "Genova ITA"]
[Date "2006.08.10"]
[Round "4"]
[White "Dzhumaev,M"]
[Black "Bontempi,P"]
[Result "1/2-1/2"]
[WhiteElo "2509"]
[BlackElo "2318"]

1.e4 c5 2.Nf3 d6 3.Bb5+ Bd7 4.Bxd7+ Nxd7 5.O-O Ngf6 6.Qe2 e6 7.Rd1 Be7 8.d4 cxd4
9.Nxd4 O-O 10.c4 a6 11.b3 Re8 12.Bb2 Bf8 13.Nc3 Qc7 14.Re1 b6 15.Rad1 Qb7
16.Rd3 g6 17.Rdd1 Rad8 18.Nc2 Rc8 19.Nd4 Bg7 20.Qf3 Ne5 21.Qg3 Nh5 22.Qh4 Qe7
23.Qxe7 Rxe7 24.Nde2 Rd8 25.Ba3 Red7 26.Na4 b5 27.cxb5 axb5 28.Nac3 Nf6 29.Nf4 d5
30.exd5 Nxd5 31.Nfxd5 exd5 32.Nxb5 d4 33.Bb2 Nc6 34.Rd2 Bf8 35.Red1 Bh6 36.Rd3 Bg7
37.R3d2 Bh6 38.Rc2 Nb4 39.Rc4 Nxa2 40.Rdxd4 Rxd4 41.Nxd4 Bg7 42.Kf1 Rb8 43.Ke2 f5
44.Kd2 Bxd4 45.Bxd4 Rxb3 46.Rc7 Nb4 47.Ke2 Nd5 48.Rg7+ Kf8 49.g3 Rb4 50.Kd3 Rxd4+
51.Kxd4 Kxg7 52.Kxd5 Kf6 53.f4 Kf7 54.Kd6 Kf6 55.Kd7 Kf7 56.Kd6 Kf6 57.Kd5 Kf7
58.Kc5 Ke7 59.Kd5 Kf7  1/2-1/2

[Event "CHN-RUS Chess Summit w"]
[Site "Ergun CHN"]
[Date "2006.08.11"]
[Round "2"]
[White "Tairova,E"]
[Black "Hou Yifan"]
[Result "1/2-1/2"]
[WhiteElo "2397"]
[BlackElo "2488"]

1.e4 c5 2.Nf3 d6 3.Bb5+ Bd7 4.Bxd7+ Qxd7 5.O-O Nf6 6.Re1 Nc6 7.c3 e6 8.d4 cxd4
9.cxd4 d5 10.e5 Ne4 11.Nbd2 Nxd2 12.Bxd2 Be7 13.Rc1 O-O 14.a3 Rac8 15.Rc3 b5
16.Rd3 b4 17.h4 bxa3 18.bxa3 f6 19.exf6 Bxf6 20.Bg5 Qf7 21.Qe2 Rce8 22.Ne5 Nxe5
23.dxe5 Bxg5 24.hxg5 Qg6 25.Rg3 Rc8 26.Qa6 Rc7 27.Rf1 Rcf7 28.Rc3 Qf5 29.f4 Qe4
30.Rc8 Qe3+ 31.Kh2 Qb6 32.Rxf8+ Rxf8 33.Qxb6 axb6 34.g3 Rc8 35.Rb1 Rc6 36.Kh3 Kf7
37.Kg4 Kg6 38.Rb3 h6 39.gxh6 gxh6 40.Kf3 h5 41.g4 h4 42.Kg2 d4 43.Rb4 d3
44.Rd4 Rc3 45.a4 d2 46.Kh2 Rg3 47.f5+ exf5 48.gxf5+ Kxf5 49.Rxd2 Kxe5 50.Rb2 Rg6
51.a5 bxa5 52.Rb5+ Kf4 53.Rxa5 Kg4 54.Ra4+ Kh5 55.Ra5+ Rg5  1/2-1/2

[Event "93rd ch-GBR"]
[Site "Swansea WLS"]
[Date "2006.08.11"]
[Round "5"]
[White "Greet,A"]
[Black "Gormally,D"]
[Result "1/2-1/2"]
[WhiteElo "2431"]
[BlackElo "2513"]

1.e4 c5 2.Nf3 d6 3.Bb5+ Nc6 4.d4 cxd4 5.Qxd4 Bd7 6.Bxc6 Bxc6 7.Nc3 Nf6 8.Bg5 e6
9.O-O-O Be7 10.Rhe1 O-O 11.Kb1 h6 12.Bh4 Qa5 13.Qd2 Qh5 14.h3 g5 15.Bg3 e5
16.Nh2 b5 17.f3 b4 18.Nd5 Bxd5 19.exd5 Rab8 20.Qd3 Qg6  1/2-1/2

[Event "Open"]
[Site "Genova ITA"]
[Date "2006.08.12"]
[Round "7"]
[White "Lanzani,M"]
[Black "Martinez,Ro"]
[Result "0-1"]
[WhiteElo "2331"]
[BlackElo "2399"]

1.e4 c5 2.Nf3 d6 3.Bb5+ Nc6 4.d4 cxd4 5.Qxd4 Bd7 6.Bxc6 Bxc6 7.Nc3 Nf6 8.Bg5 e6
9.O-O-O Be7 10.Rhe1 O-O 11.e5 dxe5 12.Qh4 Qa5 13.Nxe5 Rfd8 14.f4 Rxd1+ 15.Rxd1 Rd8
16.Rxd8+ Bxd8 17.Nxc6 bxc6 18.Qe1 h6 19.Bh4 Bc7 20.Bg3 Nd5 21.Nxd5 Qxd5 22.Qd2 Qxa2
23.Qd7 Qa1+ 24.Kd2 Ba5+ 25.Ke2 Qa4 26.Qd3 Bb6 27.b3 Qa5 28.c4 Qa2+ 29.Kf3 Qb2
30.Bh4 f5 31.Be1 Qc1 32.Bc3 g5 33.Qd2 Qf1+ 34.Kg3 gxf4+ 35.Kh4 Qf2+ 36.Qxf2 Bxf2+
37.Kh5 Kh7 38.Be5 Be3 39.Bf6 a6 40.Be5 c5 41.h3 Bd4 42.Bxf4 e5 43.Bxh6 e4
44.Bd2 e3 45.Be1 Bf6 46.Ba5 Kg7 47.Be1 Bd8 48.Bc3+ Kf7 49.Be1 Be7 50.Kh6 Kf6
51.Bc3+ Ke6 52.Be1 Kf7 53.h4 e2 54.g4 f4 55.g5 f3 56.Kh5 Bd8 57.g6+ Kf6 58.Kh6 Ba5
59.g7 Bxe1 60.g8=Q Bd2+ 61.Kh5 e1=Q 62.Qf8+ Ke5 63.Qxc5+ Ke4 64.Qd5+ Ke3
65.Qc5+ Ke2 66.Kg4 Be3 67.Qf5 Qg1+ 68.Kh5 Qd1 69.Kg6  0-1

[Event "Empresa B"]
[Site "Montreal CAN"]
[Date "2006.08.12"]
[Round "5"]
[White "Barbeau,S"]
[Black "Likavsky,T"]
[Result "1/2-1/2"]
[WhiteElo "2398"]
[BlackElo "2498"]

1.e4 c5 2.Nf3 d6 3.Bb5+ Nd7 4.d4 cxd4 5.Qxd4 a6 6.Bxd7+ Bxd7 7.O-O e5 8.Qd3 Be7
9.Nc3 Bc6 10.Re1 h6 11.Nd2 Nf6 12.Nf1 Qb6 13.Ne3 Qd4 14.Nf5 Qxd3 15.cxd3 Bf8
16.a4 O-O-O 17.Bd2 g6 18.Ne3 d5 19.exd5 Nxd5 20.Ncxd5 Bxd5 21.Ba5 Rd7 22.Rac1+ Bc6
23.Nc4 Bd6 24.Nb6+ Kd8 25.Nxd7+ Kxd7 26.Bc3 Re8 27.a5 f5 28.Rc2 Bb5 29.Rd2 Bb8
30.h3  1/2-1/2

[Event "16th Open"]
[Site "Abu Dhabi UAE"]
[Date "2006.08.13"]
[Round "2"]
[White "Kayumov,S"]
[Black "Aswin,J"]
[Result "1-0"]
[WhiteElo "2435"]
[BlackElo "2221"]

1.e4 c5 2.Nf3 d6 3.Bb5+ Nd7 4.O-O Nf6 5.Re1 a6 6.Bf1 b6 7.d3 e5 8.c3 Bb7
9.Nbd2 Be7 10.d4 O-O 11.d5 Ne8 12.Nc4 g6 13.Bh6 Ng7 14.Qd2 Nf6 15.b4 cxb4
16.cxb4 Ng4 17.Be3 Nxe3 18.Qxe3 f5 19.Qxb6 fxe4 20.Qxb7 exf3 21.g3 Bg5 22.Rab1 Nf5
23.Qc6 Rf7 24.Bd3 Rc7 25.Qb6 Rb8 26.Qa5 Rb5 27.Qxa6 Rxd5 28.Rbd1 Nd4 29.Kh1 Rc6
30.Qa4 Nb5 31.Na5 Qb6 32.Nxc6 Qxc6 33.Bxb5 Rxb5 34.Qb3+ Kg7 35.a4 Rb6 36.b5 Qb7
37.Qd5 Qa7 38.Qe4 Rb8 39.Kg1 Rc8  1-0

[Event "Open"]
[Site "Stare Mesto CZE"]
[Date "2006.08.13"]
[Round "4"]
[White "Medunova,V"]
[Black "Pachta,P"]
[Result "0-1"]
[WhiteElo "2172"]
[BlackElo "2331"]

1.e4 c5 2.Nf3 d6 3.Bb5+ Nc6 4.d4 cxd4 5.Nxd4 Bd7 6.O-O g6 7.c4 Bg7 8.Ne2 a6
9.Ba4 Ne5 10.Na3 Rc8 11.Qb3 Bxa4 12.Qxa4+ Qd7 13.Qb3 Qc6 14.Nc3 Nf6 15.Re1 Nfd7
16.Be3 Nd3 17.Re2 N7c5 18.Bxc5 Nxc5 19.Qc2 Ne6 20.Qd2 O-O 21.Nd5 Rfe8 22.Rd1 Qc5
23.Qb4 Nf4 24.Red2 Nxd5 25.Qxc5 Rxc5 26.cxd5 Ra5 27.Rb1 Rc8 28.f3 b5 29.Kf1 Bxb2
30.Nxb5 Bf6 31.Na7 Rc3 32.Nc6 Ra4 33.Rb7 Kf8 34.Rb8+ Kg7 35.Rb7 Rc1+ 36.Ke2 Bc3
37.Rd3 Re1+ 38.Kf2 Rxa2+ 39.Kg3 Bf6 40.f4 Rxe4 41.Kf3 Ree2 42.g4 Rxh2 43.Re3 Rh3+
44.Ke4 Ra4+  0-1

[Event "93rd ch-GBR"]
[Site "Swansea WLS"]
[Date "2006.08.13"]
[Round "7"]
[White "Greet,A"]
[Black "Ward,C"]
[Result "1-0"]
[WhiteElo "2431"]
[BlackElo "2461"]

1.e4 c5 2.Nf3 d6 3.Bb5+ Bd7 4.Bxd7+ Qxd7 5.c4 e5 6.Nc3 Nc6 7.O-O g6 8.d3 f5
9.Nd5 O-O-O 10.Bd2 Nge7 11.b4 Nxd5 12.exd5 Nd4 13.bxc5 Nxf3+ 14.Qxf3 dxc5
15.Bc3 Bd6 16.Qe2 Rhe8 17.Ba5 Bc7 18.Bxc7 Qxc7 19.f3 Rd7 20.Rae1 Rde7 21.Qb2 Kb8
22.Re3 h5 23.h4 Qd6 24.Rfe1 f4 25.Re4 b6 26.a4 a5 27.Rb1 Ka7 28.Re2 g5 29.hxg5 Rg8
30.d4 cxd4 31.c5 Qxc5 32.Rc2 Qb4 33.Qc1 Qd6 34.Rc6 Qxd5 35.Rb5 Qxb5 36.axb5 Rgg7
37.Qc4 Rd7 38.Qe6 Rb7 39.Qxe5 d3 40.Rd6  1-0

[Event "16th Open"]
[Site "Abu Dhabi UAE"]
[Date "2006.08.14"]
[Round "3"]
[White "Ghaem Maghami,E"]
[Black "Sale,S"]
[Result "1/2-1/2"]
[WhiteElo "2594"]
[BlackElo "2438"]

1.e4 c5 2.Nf3 d6 3.Bb5+ Bd7 4.Bxd7+ Qxd7 5.c4 g6 6.d4 cxd4 7.Nxd4 Bg7 8.Nc3 Nf6
9.f3 O-O 10.O-O Rc8 11.b3 Nc6 12.Nde2 a6 13.Be3 Qd8 14.Qd2 Nd7 15.Rab1 Rab8
16.a4 Nc5 17.Rfd1 Qf8 18.Nd5 b5 19.axb5 axb5 20.b4 Nd7 21.c5 dxc5 22.bxc5 Nce5
23.Qb4 e6 24.Nb6 Nxb6 25.cxb6 Nc4 26.Bf2 Nxb6 27.Qxf8+ Bxf8 28.Rxb5 Nc4 29.Rxb8 Rxb8
30.Rc1 Na3 31.Bg3 Rb1 32.Kf2 Rxc1 33.Nxc1 Nc4 34.Ke2 Bd6 35.Bxd6 Nxd6 36.Kd3 e5
37.Nb3 f6 38.Kc3 Kf7 39.Kb4 Ne8 40.Kc5 Ng7 41.Kd6 Ne6 42.Nc5 Nf4 43.g3 Ne2
44.Nd3 Nc3 45.Kd7 h5 46.Nc5 g5 47.Nb7 g4 48.Nd6+ Kg6 49.fxg4 hxg4 50.Ke6 Ne2
51.Kd7 Nc3  1/2-1/2

[Event "FSGM August"]
[Site "Budapest HUN"]
[Date "2006.08.14"]
[Round "10"]
[White "Meier,Geo"]
[Black "Le Quang Liem"]
[Result "1-0"]
[WhiteElo "2450"]
[BlackElo "2488"]

1.e4 c5 2.Nf3 d6 3.Bb5+ Nd7 4.d4 Nf6 5.Nc3 a6 6.Bxd7+ Nxd7 7.O-O e6 8.Bg5 Qc7
9.d5 e5 10.a4 h6 11.Bh4 g6 12.Nd2 Bg7 13.Nc4 Rb8 14.a5 b5 15.axb6 Nxb6 16.Nxb6 Rxb6
17.Na4 Rb8 18.f3 O-O 19.b3 f5 20.Nb2 g5 21.Be1 g4 22.fxg4 fxe4 23.Rxf8+ Bxf8
24.Nc4 Qg7 25.Ne3 Be7 26.Qe2 Qg6 27.h4 Bd8 28.Kh2 Ra8 29.Ra4 Ra7 30.Qc4 Bxg4
31.Nxg4 Qxg4 32.Qxe4 Qxe4 33.Rxe4 h5 34.g4 hxg4 35.Rxg4+ Kh7 36.Bd2 Rf7 37.Kg2 Rf5
38.Be3 a5 39.Bd2 Rh5 40.Kg3 Rf5 41.Ra4 e4 42.Rxe4 Rxd5 43.Bf4 Bf6 44.Re6 Be5
45.Bxe5 dxe5 46.Rc6 Kg7 47.h5 Kh7 48.Kf3 Rd2 49.Rxc5 Kh6 50.Ke4 Kxh5 51.Kxe5 Kg6
52.c4 Rd3 53.Rxa5 Rxb3 54.c5 Kf7 55.Kd6 Rd3+ 56.Kc7 Rd5 57.Ra7 Ke6 58.c6 Rc5
59.Ra1 Rc2 60.Rd1 Rc3 61.Kb7 Rb3+ 62.Kc8 Ke7 63.c7 Rb2 64.Re1+ Kf6 65.Re4 Kf5
66.Rc4 Kf6 67.Kd7 Rd2+ 68.Kc6  1-0